| 000 | 01316nam a22002297a 4500 | ||
|---|---|---|---|
| 999 |
_c22139 _d22139 |
||
| 003 | AR-CdUCM | ||
| 008 | 190429b ||||| |||| 00| 0 spa d | ||
| 040 |
_aMUNICIPALIDAD PROVINCIAL DEL CUSCO _cBIBLIOTECA MUNICIPAL DEL CUSCO |
||
| 082 | _aLa rotativa/N°3/1987 | ||
| 110 |
_aUniversidad Nacional de San Antonio Abad del Cusco _915942 |
||
| 245 |
_aLa rotativa jurídica : _brevista semestral / _cFacultad de Derecho y Ciencias Políticas |
||
| 260 |
_aCusco. _b[sn], _c1987. |
||
| 300 |
_a65 páginas. : _c22 cm. |
||
| 440 |
_aLa rotativa jurídica. _nN°03, junio, abril 1987. _947523 |
||
| 505 | _aContenido: Comentario de la Ley general de comunidades campesinas y la ley del deslinde y titulación. -- Principales innovaciones de la adopción en el nuevo código civil peruano. -- Concepción marxista del derecho.-- Crisis universitaria o crisis del sistema. -- El delito de terrorismo y la delación. -- El campesino ante la subversión y la represión. -- Delimitación de la regiones en el país criterios básicos. -- Arica territorio de quien. -- La profesión del Abogado. | ||
| 650 |
_aComunidades campesinas _92214 |
||
| 650 |
_aDerecho indígena _945028 |
||
| 650 |
_aCiencias jurídicas _915945 |
||
| 710 |
_aFacultad de Derecho y Ciencias Políticas _947524 |
||
| 942 |
_2ddc _cPP |
||
| 945 | _arac | ||